[Event "Rheinland Pfalz op 14th"]
[Site "Neuwied"]
[Date "2024.05.30"]
[Round "1"]
[White "Naumann, Tobias"]
[Black "Vollmer, Felix"]
[Result "0-1"]
[WhiteElo "1856"]
[BlackElo "1126"]
[PlyCount "56"]
[EventDate "2024.05.30"]
[EventType "swiss"]
[EventRounds "7"]
[EventCountry "GER"]
[SourceTitle "CBM 220 Extra"]
[Source "ChessBase"]
[SourceDate "2024.07.31"]
[SourceVersion "1"]
[SourceVersionDate "2024.07.31"]
[SourceQuality "1"]

1. e4 e5 2. Nf3 Nc6 3. Bb5 Nf6 4. 0-0 Bc5 5. c3 Nxe4 6. d4 exd4 7. Re1 d5 8. cxd4 Bb4 9. Bd2 0-0 10. Bxc6 Bxd2 11. Nbxd2 Nxd2 12. Qxd2 bxc6 13. Ne5 Qd6 14. Rac1 Bb7 15. Rc5 f6 16. Nd3 Rae8 17. Rec1 Re4 18. Nb4 Rfe8 19. g3 Re2 20. Qc3 Qe6 21. Nxc6 Qh3 22. Rf1 Ba6 23. Qa5 Bd3 24. Ne7+ R8xe7 25. Rxd5 Be4 26. Rd8+ Kf7 27. Qd5+ Bxd5 28. Rxd5 Re1 0-1

[Event "SVR op"]
[Site "Lahnstein"]
[Date "2019.04.13"]
[Round "1"]
[White "Naumann, Tobias"]
[Black "Schrott, Nick"]
[Result "1-0"]
[WhiteElo "1776"]
[BlackElo "1308"]
[PlyCount "39"]
[EventDate "2019.04.13"]
[EventType "swiss"]
[EventRounds "7"]
[EventCountry "GER"]
[SourceTitle "EXT 2021"]
[Source "ChessBase"]
[SourceDate "2020.10.23"]
[SourceVersion "1"]
[SourceVersionDate "2020.10.23"]
[SourceQuality "1"]

1. e4 e5 2. Nf3 Nc6 3. Bc4 Bc5 4. 0-0 Nf6 5. Nc3 d6 6. h3 0-0 7. d3 h6 8. a3 a6 9. b4 Ba7 10. Bb2 b5 11. Bb3 Bb7 12. Nd5 Nd4 13. Nxd4 exd4 14. Qf3 Nxd5 15. Bxd5 c6 16. Bb3 c5 17. c3 dxc3 18. Bxc3 Rc8 19. Qg3 Qe7 20. Qxg7# 1-0

[Event "SVR-op"]
[Site "Hennweiler"]
[Date "2018.03.29"]
[Round "5"]
[White "Ley, Peter"]
[Black "Naumann, Tobias"]
[Result "1/2-1/2"]
[WhiteElo "1970"]
[BlackElo "1721"]
[PlyCount "72"]
[EventDate "2018.03.24"]
[EventType "swiss"]
[EventRounds "7"]
[EventCountry "GER"]
[SourceTitle "EXT 2020"]
[Source "ChessBase"]
[SourceDate "2019.10.17"]
[SourceVersion "1"]
[SourceVersionDate "2019.10.17"]
[SourceQuality "1"]

1. e4 c5 2. Nc3 Nc6 3. Bb5 e6 4. Bxc6 dxc6 5. d3 Nf6 6. f4 Be7 7. Nf3 0-0 8. h3 b5 9. Be3 a5 10. Qe2 Ba6 11. Qf2 b4 12. Na4 c4 13. Bb6 Qb8 14. Ne5 Bb5 15. Bc5 Bxc5 16. Nxc5 cxd3 17. cxd3 Rd8 18. 0-0 a4 19. Rac1 Qa7 20. Kh2 Qe7 21. g4 Ne8 22. Rfd1 f6 23. Nf3 Rac8 24. g5 fxg5 25. Nxg5 Nc7 26. Qg3 h6 27. Nf3 Na6 28. Nxa6 Bxa6 29. Ne5 c5 30. Rg1 Qf6 31. Rc2 Bb5 32. Rcg2 Rc7 33. Qf3 Rf8 34. Ng6 Rd8 35. Ne5 Rf8 36. Ng6 Rd8 1/2-1/2

[Event "SVR-op"]
[Site "Hennweiler"]
[Date "2018.03.29"]
[Round "4"]
[White "Schroeder, Johannes1"]
[Black "Naumann, Tobias"]
[Result "0-1"]
[WhiteElo "2205"]
[BlackElo "1721"]
[PlyCount "80"]
[EventDate "2018.03.24"]
[EventType "swiss"]
[EventRounds "7"]
[EventCountry "GER"]
[SourceTitle "EXT 2020"]
[Source "ChessBase"]
[SourceDate "2019.10.17"]
[SourceVersion "1"]
[SourceVersionDate "2019.10.17"]
[SourceQuality "1"]

1. d4 d5 2. Bf4 Nf6 3. e3 e6 4. Nd2 c5 5. c3 Nc6 6. Bd3 Be7 7. Ngf3 Nh5 8. Bg3 Nxg3 9. hxg3 h6 10. e4 cxd4 11. Nxd4 Nxd4 12. cxd4 0-0 13. e5 Bb4 14. a3 Ba5 15. Qg4 f5 16. exf6 Qxf6 17. f3 e5 18. Qh4 exd4 19. Qxf6 Rxf6 20. Rh4 Bc7 21. Rxd4 Bxg3+ 22. Kd1 Rd6 23. f4 Bg4+ 24. Kc2 Rc8+ 25. Kb3 Bf2 26. Rb4 Rc7 27. f5 Bh5 28. g4 Bf7 29. Ka2 d4+ 30. Bc4 Rxc4 31. Nxc4 b5 32. b3 bxc4 33. bxc4 d3 34. Rd1 d2 35. Kb1 Be1 36. Rb8+ Kh7 37. Rc8 g6 38. Kc2 Rd4 39. Kc3 Rxg4 40. Rb1 d1Q+ 0-1

[Event "SVR-ch MAT"]
[Site "Heimbach Weis"]
[Date "2017.04.09"]
[Round "5"]
[White "Endres, Thomas"]
[Black "Naumann, Tobias"]
[Result "1/2-1/2"]
[WhiteElo "1841"]
[BlackElo "1818"]
[PlyCount "34"]
[EventDate "2017.04.07"]
[EventType "tourn"]
[EventRounds "9"]
[EventCountry "GER"]
[SourceTitle "EXT 2020"]
[Source "ChessBase"]
[SourceDate "2019.10.17"]
[SourceVersion "1"]
[SourceVersionDate "2019.10.17"]
[SourceQuality "1"]

1. d4 d5 2. g3 Nf6 3. Bg2 Bf5 4. c4 e6 5. Nc3 c6 6. Nf3 Nbd7 7. Bf4 Be7 8. 0-0 0-0 9. Nh4 Bg6 10. Nxg6 hxg6 11. c5 b6 12. b4 bxc5 13. bxc5 Nh5 14. Qa4 Nxf4 15. gxf4 Qc7 16. e3 Rfb8 17. Rab1 Bd8 1/2-1/2

[Event "SVR-ch MAT"]
[Site "Heimbach Weis"]
[Date "2017.04.09"]
[Round "4"]
[White "Naumann, Tobias"]
[Black "Zirwes, Hans Juergen"]
[Result "0-1"]
[WhiteElo "1818"]
[BlackElo "1824"]
[PlyCount "134"]
[EventDate "2017.04.07"]
[EventType "tourn"]
[EventRounds "9"]
[EventCountry "GER"]
[SourceTitle "EXT 2020"]
[Source "ChessBase"]
[SourceDate "2019.10.17"]
[SourceVersion "1"]
[SourceVersionDate "2019.10.17"]
[SourceQuality "1"]

1. e4 b6 2. Nf3 Bb7 3. Nc3 e6 4. Bb5 Nf6 5. d3 Be7 6. 0-0 0-0 7. Bf4 d6 8. Re1 e5 9. Bd2 c5 10. a3 Ba6 11. Bxa6 Nxa6 12. Nh4 Nxe4 13. Rxe4 Bxh4 14. Qh5 Be7 15. g4 Nc7 16. f4 g6 17. Qh3 exf4 18. Bxf4 Bg5 19. Rf1 Bxf4 20. Rfxf4 Ne6 21. Nd5 Nxf4 22. Rxf4 f6 23. Qf3 Kg7 24. Nxf6 Rxf6 25. Rxf6 Qxf6 26. Qxa8 Qd4+ 27. Kf1 Qf4+ 28. Kg2 Qxg4+ 29. Kf2 Qf4+ 30. Kg2 Qg5+ 31. Kh3 Qe7 32. Qb8 h5 33. Qc8 a5 34. Qc6 Qe3+ 35. Kg2 Qe2+ 36. Kg3 Qe5+ 37. Kg2 Qg5+ 38. Kf2 Qd8 39. Qd5 Qh4+ 40. Kg2 Qg4+ 41. Kh1 Qd1+ 42. Kg2 Qxc2+ 43. Kh3 Qxb2 44. Qxd6 Qf6 45. Qg3 b5 46. Kg2 Qc6+ 47. Kf2 b4 48. axb4 axb4 49. Ke2 Qe8+ 50. Kd2 Qe7 51. Qf4 Qa7 52. Qc4 Qa5 53. Kc2 Qc7 54. Qh4 Qe5 55. Kb1 Kh6 56. Qf2 Qd6 57. Qd2+ g5 58. Qe3 h4 59. h3 b3 60. Qe4 Qa6 61. Kc1 Qa1+ 62. Kd2 Qf6 63. Qe3 Qb2+ 64. Ke1 Qc3+ 65. Kd1 Qa1+ 66. Kd2 Qa2+ 67. Kd1 b2 0-1

[Event "SVR-ch MAT"]
[Site "Heimbach Weis"]
[Date "2017.04.08"]
[Round "3"]
[White "Merges, Harald"]
[Black "Naumann, Tobias"]
[Result "1/2-1/2"]
[WhiteElo "1744"]
[BlackElo "1818"]
[PlyCount "53"]
[EventDate "2017.04.07"]
[EventType "tourn"]
[EventRounds "9"]
[EventCountry "GER"]
[SourceTitle "EXT 2020"]
[Source "ChessBase"]
[SourceDate "2019.10.17"]
[SourceVersion "1"]
[SourceVersionDate "2019.10.17"]
[SourceQuality "1"]

1. e4 c5 2. c3 e6 3. d4 cxd4 4. cxd4 Nf6 5. Nc3 d5 6. e5 Nfd7 7. Bd3 Nc6 8. Nf3 Qb6 9. Bc2 Be7 10. 0-0 Nf8 11. a3 Bd7 12. b4 a6 13. Na4 Qc7 14. Nc5 b6 15. Nxd7 Qxd7 16. Bb2 Ng6 17. Rc1 0-0 18. Qd3 f5 19. exf6 Rxf6 20. h4 Rf5 21. Qc3 Nf4 22. Rfe1 Rf7 23. Bxh7+ Kxh7 24. Qxc6 Qd8 25. Qc2+ Kg8 26. Ne5 Rf6 27. Qc7 1/2-1/2

[Event "SVR-ch MAT"]
[Site "Heimbach Weis"]
[Date "2017.04.07"]
[Round "1"]
[White "Mallmann, Bernd"]
[Black "Naumann, Tobias"]
[Result "0-1"]
[WhiteElo "1912"]
[BlackElo "1818"]
[PlyCount "66"]
[EventDate "2017.04.07"]
[EventType "tourn"]
[EventRounds "9"]
[EventCountry "GER"]
[SourceTitle "EXT 2020"]
[Source "ChessBase"]
[SourceDate "2019.10.17"]
[SourceVersion "1"]
[SourceVersionDate "2019.10.17"]
[SourceQuality "1"]

1. b3 e5 2. Bb2 Nc6 3. c4 Nf6 4. e3 d6 5. Be2 Bf5 6. a3 Be7 7. Nf3 0-0 8. 0-0 Qd7 9. d3 Rae8 10. b4 e4 11. dxe4 Nxe4 12. b5 Na5 13. Nbd2 Bf6 14. Bd4 Bxd4 15. exd4 Nc3 16. Ne5 Nxe2+ 17. Qxe2 dxe5 18. d5 b6 19. Rac1 Nb7 20. f3 Nc5 21. Rc3 Qe7 22. Ne4 Bg6 23. g4 f5 24. Nf2 Qh4 25. Re3 e4 26. f4 fxg4 27. Nxg4 Bh5 28. Rg3 Nd3 29. f5 Ne5 30. Nh6+ Kh8 31. f6 gxh6 32. Qf2 Bg6 33. Qg2 Rxf6 0-1

[Event "SVR-ch MAT-II 37th"]
[Site "Heimbach Weis"]
[Date "2014.04.13"]
[Round "5"]
[White "Strobel, Norbert"]
[Black "Naumann, Tobias"]
[Result "1/2-1/2"]
[WhiteElo "1964"]
[BlackElo "1730"]
[PlyCount "60"]
[EventDate "2014.04.11"]
[EventType "tourn"]
[EventRounds "9"]
[EventCountry "GER"]
[SourceTitle "CBM 160 Extra"]
[Source "ChessBase"]
[SourceDate "2014.07.01"]
[SourceVersion "1"]
[SourceVersionDate "2014.07.01"]
[SourceQuality "1"]

1. d4 d5 2. Nf3 Bf5 3. c4 e6 4. Nc3 c6 5. Bf4 Nd7 6. Qb3 Qb6 7. Qxb6 Nxb6 8. c5 Nd7 9. b4 a6 10. Nh4 Ngf6 11. Nxf5 exf5 12. e3 Nh5 13. Bd3 Nxf4 14. exf4 g6 15. Kd2 Nf6 16. Rhe1+ Kd7 17. f3 Bg7 18. Na4 Rae8 19. Nb6+ Kc7 20. Kc3 Nd7 21. Nxd7 Kxd7 22. a4 Rxe1 23. Rxe1 Re8 24. Rxe8 Kxe8 25. g4 fxg4 26. fxg4 Kd7 27. f5 Bh6 28. b5 axb5 29. axb5 Bf4 30. b6 Bxh2 1/2-1/2

[Event "SVR-ch MAT-II 37th"]
[Site "Heimbach Weis"]
[Date "2014.04.12"]
[Round "3"]
[White "Pandorf, Horst"]
[Black "Naumann, Tobias"]
[Result "1/2-1/2"]
[WhiteElo "1577"]
[BlackElo "1730"]
[PlyCount "90"]
[EventDate "2014.04.11"]
[EventType "tourn"]
[EventRounds "9"]
[EventCountry "GER"]
[SourceTitle "CBM 160 Extra"]
[Source "ChessBase"]
[SourceDate "2014.07.01"]
[SourceVersion "1"]
[SourceVersionDate "2014.07.01"]
[SourceQuality "1"]

1. d4 c5 2. d5 e6 3. c4 d6 4. Nc3 Nf6 5. e4 exd5 6. cxd5 Bg4 7. Nf3 Nbd7 8. Be2 Be7 9. h3 Bh5 10. 0-0 0-0 11. Bf4 a6 12. Nd2 Bg6 13. a4 Re8 14. f3 Nh5 15. Bh2 Nb6 16. a5 Nd7 17. f4 h6 18. f5 Bxf5 19. Bxh5 Bg6 20. Bxg6 fxg6 21. Qg4 Bg5 22. Nc4 Ne5 23. Nxe5 dxe5 24. Qe2 Rc8 25. Qc4 Be3+ 26. Kh1 Bd4 27. d6+ Kh7 28. Qd5 Rc6 29. d7 Rg8 30. Rf7 Rf6 31. Rxf6 Qxf6 32. Qxb7 Qg5 33. Qxa6 Rf8 34. Qb5 Rf2 35. Rg1 Rd2 36. Qf1 Rxb2 37. Ne2 Bxg1 38. Bxg1 Rd2 39. Bxc5 Rxd7 40. a6 Qd8 41. Nc3 Qa5 42. a7 Rd8 43. Qc4 Qa1+ 44. Kh2 Rc8 45. Nd5 Qxa7 1/2-1/2

[Event "SVR-ch MAT-II 37th"]
[Site "Heimbach Weis"]
[Date "2014.04.11"]
[Round "1"]
[White "Naumann, Tobias"]
[Black "Becker, Wilhelm"]
[Result "1/2-1/2"]
[WhiteElo "1730"]
[BlackElo "1917"]
[PlyCount "35"]
[EventDate "2014.04.11"]
[EventType "tourn"]
[EventRounds "9"]
[EventCountry "GER"]
[SourceTitle "CBM 160 Extra"]
[Source "ChessBase"]
[SourceDate "2014.07.01"]
[SourceVersion "1"]
[SourceVersionDate "2014.07.01"]
[SourceQuality "1"]

1. e4 e6 2. Nf3 d5 3. c3 dxe4 4. Qa4+ Nd7 5. Qxe4 Ngf6 6. Qc2 Bd6 7. d4 h6 8. Bd3 c6 9. 0-0 0-0 10. Nbd2 b6 11. Ne4 Nxe4 12. Bxe4 Qc7 13. Be3 Bb7 14. h3 Nf6 15. Bd3 c5 16. dxc5 bxc5 17. Nd2 Rfd8 18. Ne4 1/2-1/2

[Event "SVR-ch MAT-II 34th"]
[Site "Reil"]
[Date "2011.04.17"]
[Round "5"]
[White "Naumann, Tobias"]
[Black "Ries, Alexander"]
[Result "1/2-1/2"]
[WhiteElo "1559"]
[BlackElo "1848"]
[PlyCount "55"]
[EventDate "2011.04.15"]
[EventType "tourn"]
[EventRounds "9"]
[EventCountry "GER"]
[SourceTitle "EXT 2013"]
[Source "ChessBase"]
[SourceDate "2012.11.22"]
[SourceVersion "1"]
[SourceVersionDate "2012.11.22"]
[SourceQuality "1"]

1. b4 c6 2. Bb2 a5 3. a3 axb4 4. axb4 Rxa1 5. Bxa1 Qb6 6. Bc3 d5 7. e3 Bf5 8. Nf3 Nf6 9. d3 Na6 10. Bxf6 gxf6 11. c3 e5 12. Be2 Bd6 13. e4 Bg6 14. exd5 cxd5 15. 0-0 0-0 16. d4 Nc7 17. Na3 Ra8 18. dxe5 fxe5 19. Qb3 Bh5 20. Nc2 Qc6 21. Nxe5 Bxe5 22. Bxh5 Qxc3 23. Qxc3 Bxc3 24. Rd1 Ra2 25. Ne3 d4 26. Nf5 Nb5 27. Kf1 Ra1 28. Rxa1 1/2-1/2

[Event "SVR-ch MAT-II 34th"]
[Site "Reil"]
[Date "2011.04.15"]
[Round "1"]
[White "Zirwes, Hans Juergen"]
[Black "Naumann, Tobias"]
[Result "1-0"]
[WhiteElo "1911"]
[BlackElo "1559"]
[PlyCount "47"]
[EventDate "2011.04.15"]
[EventType "tourn"]
[EventRounds "9"]
[EventCountry "GER"]
[SourceTitle "EXT 2013"]
[Source "ChessBase"]
[SourceDate "2012.11.22"]
[SourceVersion "1"]
[SourceVersionDate "2012.11.22"]
[SourceQuality "1"]

1. d4 e6 2. Nf3 c5 3. c3 Nf6 4. e3 d5 5. Bd3 Nc6 6. Nbd2 Bd6 7. 0-0 0-0 8. Re1 b6 9. e4 dxe4 10. Nxe4 Nxe4 11. Rxe4 cxd4 12. Nxd4 Bb7 13. Nxc6 Bxc6 14. Rd4 Qe7 15. Rxd6 Bd5 16. Bf4 Rad8 17. Rxd8 Rxd8 18. Qe2 Qh4 19. Bg3 Qa4 20. c4 Bb7 21. Rd1 Be4 22. b3 Bxd3 23. bxa4 Bxe2 24. Rxd8# 1-0